[Event "1 division 2002/03"]
[Site "Denmark"]
[Date "2002.11.03"]
[Round "1.1"]
[White "Skytte, Rasmus"]
[Black "Rasmussen, Karsten"]
[Result "1/2-1/2"]
[WhiteElo "2402"]
[BlackElo "2386"]
[PlyCount "94"]
[EventDate "2002.11.03"]
[EventType "team-tourn"]
[EventRounds "7"]
[EventCountry "DEN"]
[WhiteTeam "Aarhus"]
[BlackTeam "Skolerne"]
[WhiteTeamCountry "DEN"]
[BlackTeamCountry "DEN"]

1. e4 Nf6 2. e5 Nd5 3. c4 Nb6 4. c5 Nd5 5. Bc4 e6 6. d4 b6 7. cxb6 axb6 8. Nf3
Bb7 9. O-O Be7 10. Re1 d6 11. Nc3 dxe5 12. Nxe5 O-O 13. Qf3 Bf6 14. Ne4 Ra7 15.
Qg3 Kh8 16. Nxf6 Nxf6 17. Qh4 Nc6 18. Bg5 Nxd4 19. Rad1 c5 20. Ng4 Bxg2 21.
Rxd4 Qxd4 22. Nxf6 Qxh4 23. Bxh4 Bc6 24. Ng4 b5 25. Bf1 Rxa2 26. Ne5 Be8 27.
Be7 Rg8 28. Bxb5 Rxb2 29. Bxe8 Rxe8 30. Bxc5 Kg8 31. Nf3 Reb8 32. Re4 R2b5 33.
Bd4 Kf8 34. Ne5 Rd5 35. Bc3 Ke8 36. Rc4 f6 37. Nf3 Kd7 38. Rg4 g5 39. Bxf6 Rf8
40. Ne5+ Ke8 41. Bg7 Rg8 42. Bf6 Rf8 43. Bg7 Rg8 44. Bf6 Rf8 45. Bg7 Rg8 46.
Bf6 Rf8 47. Bg7 Rg8 1/2-1/2

[Event "1 division 2002/03"]
[Site "Denmark"]
[Date "2002.11.03"]
[Round "1.2"]
[White "Sorensen, Jan"]
[Black "Pedersen, Jan"]
[Result "1/2-1/2"]
[WhiteElo "2405"]
[BlackElo "2407"]
[PlyCount "80"]
[EventDate "2002.11.03"]
[EventType "team-tourn"]
[EventRounds "7"]
[EventCountry "DEN"]
[WhiteTeam "Skolerne"]
[BlackTeam "Aarhus"]
[WhiteTeamCountry "DEN"]
[BlackTeamCountry "DEN"]

1. e4 e6 2. d4 d5 3. Nd2 dxe4 4. Nxe4 Bd7 5. Nf3 Bc6 6. Bd3 Nd7 7. O-O Ngf6 8.
Ng3 Be7 9. Re1 O-O 10. c3 b6 11. Qe2 Bb7 12. Bf4 c5 13. Rad1 Bxf3 14. Qxf3 cxd4
15. Bb5 Nd5 16. Rxd4 Bc5 17. Rdd1 Nxf4 18. Qxf4 Qf6 19. Qd2 Ne5 20. Ne4 Qg6 21.
Qf4 f6 22. Nxc5 bxc5 23. Bc4 Rfe8 24. Rd6 Kh8 25. Red1 Rab8 26. R6d2 Qf7 27. h3
g5 28. Qe4 Qb7 29. Qxb7 Rxb7 30. Rd8 Rxd8 31. Rxd8+ Kg7 32. Bxe6 Rxb2 33. Rg8+
Kh6 34. Rc8 c4 35. Bxc4 Nxc4 36. Rxc4 Rxa2 37. g3 a5 38. Kg2 a4 39. Kf3 a3 40.
Ra4 Kg6 1/2-1/2

[Event "1 division 2002/03"]
[Site "Denmark"]
[Date "2002.11.03"]
[Round "1.3"]
[White "Pedersen, Daniel V"]
[Black "El Kher, Henrik"]
[Result "1/2-1/2"]
[WhiteElo "2344"]
[BlackElo "2390"]
[PlyCount "91"]
[EventDate "2002.11.03"]
[EventType "team-tourn"]
[EventRounds "7"]
[EventCountry "DEN"]
[WhiteTeam "Aarhus"]
[BlackTeam "Skolerne"]
[WhiteTeamCountry "DEN"]
[BlackTeamCountry "DEN"]

1. e4 e5 2. Nf3 Nc6 3. Nc3 Nf6 4. g3 Bc5 5. Bg2 d6 6. O-O O-O 7. d3 a5 8. h3 a4
9. a3 h6 10. Be3 Be6 11. d4 exd4 12. Nxd4 Nxd4 13. Bxd4 Nd7 14. f4 Bxd4+ 15.
Qxd4 Qf6 16. Rad1 Qxd4+ 17. Rxd4 Nb6 18. Re1 Ra5 19. h4 f6 20. Bf1 Rc5 21. Rb4
Ra8 22. Rb5 Ra5 23. Rxa5 Rxa5 24. Nb5 Bd7 25. c4 Bxb5 26. cxb5 Nd7 27. Bc4+ Kf8
28. Kf2 Ke7 29. Ke3 c6 30. bxc6 bxc6 31. Kd4 Nb6 32. Bd3 c5+ 33. Kc3 Ra8 34.
Bb1 Kd7 35. Ba2 Re8 36. Kd3 d5 37. Re2 d4 38. Bf7 Re7 39. Bc4 Kd6 40. Ba2 g5
41. hxg5 hxg5 42. fxg5 fxg5 43. Rh2 Nd7 44. Rh6+ Kc7 45. Bd5 Ne5+ 46. Ke2
1/2-1/2

[Event "1 division 2002/03"]
[Site "Denmark"]
[Date "2002.11.03"]
[Round "1.4"]
[White "Kjeldsen, Jens"]
[Black "Husted, Peter"]
[Result "1-0"]
[WhiteElo "2435"]
[BlackElo "2191"]
[PlyCount "57"]
[EventDate "2002.11.03"]
[EventType "team-tourn"]
[EventRounds "7"]
[EventCountry "DEN"]
[WhiteTeam "Skolerne"]
[BlackTeam "Aarhus"]
[WhiteTeamCountry "DEN"]
[BlackTeamCountry "DEN"]

1. d4 d5 2. c4 c6 3. Nc3 Nf6 4. e3 a6 5. Qc2 e6 6. Bd3 b5 7. b3 Nbd7 8. Nf3 Bb7
9. O-O Be7 10. Rd1 Qc7 11. Bb2 Rc8 12. Rac1 Qb8 13. h3 h6 14. a4 b4 15. Ne2 c5
16. Ne5 O-O 17. Nf4 Nxe5 18. dxe5 Ne4 19. cxd5 exd5 20. Nxd5 Bxd5 21. Bxe4 Be6
22. Bd5 Qb6 23. Qc4 Bxd5 24. Rxd5 Rfd8 25. e4 Qg6 26. Rcd1 Re8 27. R1d3 Bf8 28.
Rg3 Qh5 29. e6 1-0

[Event "1 division 2002/03"]
[Site "Denmark"]
[Date "2002.11.03"]
[Round "1.5"]
[White "Jensen, Jacob Bjerre"]
[Black "Boe, Mads"]
[Result "1/2-1/2"]
[WhiteElo "2169"]
[BlackElo "2372"]
[PlyCount "43"]
[EventDate "2002.11.03"]
[EventType "team-tourn"]
[EventRounds "7"]
[EventCountry "DEN"]
[WhiteTeam "Aarhus"]
[BlackTeam "Skolerne"]
[WhiteTeamCountry "DEN"]
[BlackTeamCountry "DEN"]

1. d4 e6 2. e4 d5 3. Nc3 dxe4 4. Nxe4 Nd7 5. Nf3 Ngf6 6. Bg5 Be7 7. Nxf6+ Nxf6
8. Bd3 c6 9. c3 b6 10. O-O Bb7 11. Ne5 Nd5 12. Qf3 O-O 13. Qh5 f5 14. Bxe7 Qxe7
15. Qf3 Rad8 16. Bc4 c5 17. dxc5 Qxc5 18. Rfe1 b5 19. Bb3 Qb6 20. Rad1 g6 21.
Qg3 Kg7 22. h4 1/2-1/2

[Event "1 division 2002/03"]
[Site "Denmark"]
[Date "2002.11.03"]
[Round "1.6"]
[White "Vinter Schou, Uffe"]
[Black "Pedersen, Jan Rode"]
[Result "1-0"]
[WhiteElo "2351"]
[BlackElo "2160"]
[PlyCount "135"]
[EventDate "2002.11.03"]
[EventType "team-tourn"]
[EventRounds "7"]
[EventCountry "DEN"]
[WhiteTeam "Skolerne"]
[BlackTeam "Aarhus"]
[WhiteTeamCountry "DEN"]
[BlackTeamCountry "DEN"]

1. e4 e5 2. Nf3 Nf6 3. Nxe5 d6 4. Nf3 Nxe4 5. Nc3 Nxc3 6. dxc3 Nc6 7. Bf4 Bf5
8. Qd2 Qe7+ 9. Be2 Qe4 10. O-O-O Qa4 11. a3 Bxc2 12. Rde1 Be7 13. Bg5 f6 14.
Bxf6 gxf6 15. Qxc2 Qxc2+ 16. Kxc2 O-O 17. Bc4+ Kh8 18. Bd5 Ne5 19. Bxb7 Rab8
20. Bd5 c6 21. Ba2 Rb7 22. Nd4 Rfb8 23. b3 c5 24. Nf5 Bf8 25. Rb1 d5 26. f4 Nc6
27. Rhe1 Ne7 28. Nxe7 Rxe7 29. Rxe7 Bxe7 30. Re1 Bd6 31. g3 Kg7 32. Rd1 d4 33.
cxd4 cxd4 34. Rxd4 Bxa3 35. Rd7+ Kg6 36. Rxa7 Bc5 37. Rd7 Bg1 38. Rd2 Rc8+ 39.
Kb2 Be3 40. Bb1+ Kh6 41. Rd1 Rc7 42. Bf5 Bc5 43. Rd5 Bg1 44. Rd2 Bc5 45. Rd3
Bb4 46. g4 Re7 47. Rh3+ Kg7 48. Rxh7+ Kf8 49. Rxe7 Kxe7 50. h4 Bd2 51. h5 Bxf4
52. Kc3 Kd6 53. Kd4 Bh6 54. Bd3 Bd2 55. Ke4 Ke7 56. Bc4 Kf8 57. Kf5 Kg7 58. Ke6
Bc3 59. Bd3 Bd2 60. Kd5 Kf7 61. Bf5 Ke7 62. Kc4 Kd6 63. b4 Bf4 64. Kd4 Kc6 65.
Bd3 Kd6 66. Ke4 Bd2 67. b5 Ke6 68. Bc4+ 1-0

[Event "1 division 2002/03"]
[Site "Denmark"]
[Date "2002.11.03"]
[Round "1.7"]
[White "Jensen, Vagn"]
[Black "Ochsner, Thomas"]
[Result "0-1"]
[WhiteElo "2158"]
[BlackElo "2355"]
[PlyCount "72"]
[EventDate "2002.11.03"]
[EventType "team-tourn"]
[EventRounds "7"]
[EventCountry "DEN"]
[WhiteTeam "Aarhus"]
[BlackTeam "Skolerne"]
[WhiteTeamCountry "DEN"]
[BlackTeamCountry "DEN"]

1. e4 e5 2. f4 Bc5 3. Nf3 d6 4. Nc3 Nf6 5. Bc4 Nc6 6. d3 a6 7. Rf1 Be6 8. fxe5
dxe5 9. Bxe6 fxe6 10. Bg5 O-O 11. Qd2 Qd6 12. O-O-O b5 13. Qe1 h6 14. Be3 Bxe3+
15. Qxe3 Nd4 16. Qe1 c5 17. Nb1 Ra7 18. Nbd2 a5 19. a4 c4 20. Nxd4 Qxd4 21. Nf3
Qc5 22. Qc3 Ng4 23. Rde1 Ne3 24. Rg1 Nxg2 25. Rxg2 Rxf3 26. axb5 Rc7 27. d4 Qf8
28. Qxa5 Rc8 29. Qa7 c3 30. bxc3 Rfxc3 31. Reg1 R8c7 32. Qa6 exd4 33. Qxe6+ Kh8
34. Qd5 Qa3+ 35. Kd1 Qa1+ 36. Kd2 Rxc2+ 0-1

[Event "1 division 2002/03"]
[Site "Denmark"]
[Date "2002.11.16"]
[Round "3.1"]
[White "Pilgaard, Kim"]
[Black "Palo, Davor"]
[Result "0-1"]
[WhiteElo "2432"]
[BlackElo "2489"]
[PlyCount "132"]
[EventDate "2002.11.03"]
[EventType "team-tourn"]
[EventRounds "7"]
[EventCountry "DEN"]
[WhiteTeam "Bronshoj"]
[BlackTeam "Skolerne"]
[WhiteTeamCountry "DEN"]
[BlackTeamCountry "DEN"]

1. e4 c6 2. d4 d5 3. exd5 cxd5 4. c4 Nf6 5. Nc3 e6 6. Nf3 Be7 7. cxd5 Nxd5 8.
Bc4 Nc6 9. O-O O-O 10. Bb3 b6 11. Re1 Nxc3 12. bxc3 Bb7 13. Qd3 Rc8 14. Bc2 g6
15. Bh6 Re8 16. Rad1 Qc7 17. Ba4 Red8 18. Rc1 Na5 19. Ne5 Nc4 20. Ng4 Nb2 21.
Qc2 Nxa4 22. Qxa4 Qc6 23. Qxc6 Bxc6 24. Ne5 Bb7 25. Bd2 f6 26. Ng4 Bd5 27. Ne3
Bb7 28. Ng4 Bd5 29. Ne3 Kf7 30. c4 Bb7 31. Bc3 Ba3 32. Rb1 Bf8 33. Rbc1 Rd7 34.
Bb2 h5 35. Rc2 Rdc7 36. Rec1 Be4 37. Rd2 Bh6 38. c5 Bf8 39. f3 Bd5 40. Ba3 bxc5
41. dxc5 Bxc5 42. Bxc5 Rxc5 43. Rxc5 Rxc5 44. Rb2 Ra5 45. Nxd5 exd5 46. Kf2 Ke6
47. Ke3 Ke5 48. f4+ Kd6 49. g3 Ra3+ 50. Kd4 Ra4+ 51. Kd3 h4 52. gxh4 Rxf4 53.
Rg2 Rxh4 54. Rxg6 Ke5 55. Rg2 Rh3+ 56. Kc2 f5 57. Re2+ Kd4 58. Re7 Rxh2+ 59.
Kb3 f4 60. Rxa7 f3 61. a4 f2 62. Rf7 Ke4 63. Re7+ Kd3 64. Rf7 Ke2 65. Re7+ Kd2
66. Rf7 Rh3+ 0-1

[Event "1 division 2002/03"]
[Site "Denmark"]
[Date "2002.11.16"]
[Round "3.2"]
[White "Rasmussen, Karsten"]
[Black "Hoi, Carsten"]
[Result "1/2-1/2"]
[WhiteElo "2386"]
[BlackElo "2412"]
[PlyCount "51"]
[EventDate "2002.11.03"]
[EventType "team-tourn"]
[EventRounds "7"]
[EventCountry "DEN"]
[WhiteTeam "Skolerne"]
[BlackTeam "Bronshoj"]
[WhiteTeamCountry "DEN"]
[BlackTeamCountry "DEN"]

1. e4 e6 2. d3 d5 3. Nd2 Nf6 4. Ngf3 b6 5. c3 Be7 6. Be2 O-O 7. O-O c5 8. Re1
Nc6 9. e5 Nd7 10. d4 a5 11. Nf1 Ba6 12. Bxa6 Rxa6 13. c4 dxc4 14. d5 exd5 15.
Qxd5 Ndxe5 16. Rxe5 Nxe5 17. Qxe5 Bf6 18. Qf4 b5 19. a4 c3 20. bxc3 Bxc3 21.
Rb1 b4 22. Be3 Qd3 23. N1d2 Rd8 24. h4 Re6 25. Rc1 Rxe3 26. Qxe3 1/2-1/2

[Event "1 division 2002/03"]
[Site "Denmark"]
[Date "2002.11.16"]
[Round "3.3"]
[White "Bromann, Thorbjorn"]
[Black "Sorensen, Jan"]
[Result "1/2-1/2"]
[WhiteElo "2366"]
[BlackElo "2405"]
[PlyCount "47"]
[EventDate "2002.11.03"]
[EventType "team-tourn"]
[EventRounds "7"]
[EventCountry "DEN"]
[WhiteTeam "Bronshoj"]
[BlackTeam "Skolerne"]
[WhiteTeamCountry "DEN"]
[BlackTeamCountry "DEN"]

1. e4 e6 2. d4 d5 3. Nd2 Nf6 4. e5 Nfd7 5. Bd3 c5 6. c3 Nc6 7. Ne2 cxd4 8. cxd4
Nb6 9. O-O Bd7 10. a3 a5 11. b3 Rc8 12. Bb2 Be7 13. Nf4 g6 14. Rc1 Kf8 15. Bb1
a4 16. b4 Na7 17. Qg4 h5 18. Qg3 Bh4 19. Qf3 Kg7 20. g3 Bg5 21. h4 Bh6 22. Rc5
Bb5 23. Rfc1 Nd7 24. Rxc8 1/2-1/2

[Event "1 division 2002/03"]
[Site "Denmark"]
[Date "2002.11.16"]
[Round "3.4"]
[White "El Kher, Henrik"]
[Black "Brinck Claussen, Bjorn"]
[Result "1/2-1/2"]
[WhiteElo "2390"]
[BlackElo "2359"]
[PlyCount "98"]
[EventDate "2002.11.03"]
[EventType "team-tourn"]
[EventRounds "7"]
[EventCountry "DEN"]
[WhiteTeam "Skolerne"]
[BlackTeam "Bronshoj"]
[WhiteTeamCountry "DEN"]
[BlackTeamCountry "DEN"]

1. e4 e5 2. Nf3 Nc6 3. Nc3 Nf6 4. Bb5 Bb4 5. O-O O-O 6. d3 Bxc3 7. bxc3 d6 8.
Bg5 Qe7 9. Nd2 h6 10. Bh4 Nd8 11. Re1 Ne6 12. Nf1 Nf4 13. f3 Ng6 14. Bf2 Nh7
15. d4 c6 16. Bc4 Be6 17. Ne3 Bxc4 18. Nxc4 Rfd8 19. Qe2 Nf4 20. Qf1 Ng5 21. a4
Qf6 22. Rab1 b6 23. Kh1 Nge6 24. Red1 exd4 25. cxd4 d5 26. e5 Qg6 27. Ne3 c5
28. dxc5 d4 29. Nc4 bxc5 30. Rd2 Nd5 31. Nd6 Nc3 32. Ra1 Rab8 33. Bh4 Rd7 34.
f4 Qg4 35. Bg3 Rbd8 36. Re1 Nd5 37. f5 Ne3 38. Qf2 Ng5 39. h3 Qh5 40. Rxe3 dxe3
41. Qxe3 Nxh3 42. gxh3 Qxh3+ 43. Kg1 Rb8 44. Kf2 Rxd6 45. exd6 Qxf5+ 46. Bf4
Rb4 47. Kg3 g5 48. Qe8+ Kh7 49. Be5 Rg4+ 1/2-1/2

[Event "1 division 2002/03"]
[Site "Denmark"]
[Date "2002.11.16"]
[Round "3.5"]
[White "Carstensen, Jacob"]
[Black "Kjeldsen, Jens"]
[Result "1-0"]
[WhiteElo "2256"]
[BlackElo "2435"]
[PlyCount "79"]
[EventDate "2002.11.03"]
[EventType "team-tourn"]
[EventRounds "7"]
[EventCountry "DEN"]
[WhiteTeam "Bronshoj"]
[BlackTeam "Skolerne"]
[WhiteTeamCountry "DEN"]
[BlackTeamCountry "DEN"]

1. d4 g6 2. c4 Bg7 3. e4 d6 4. Nc3 Nd7 5. Nf3 e5 6. Be2 Ne7 7. O-O O-O 8. Be3
h6 9. Qd2 Kh7 10. Ne1 c5 11. dxc5 dxc5 12. Nd3 b6 13. b4 Ba6 14. bxc5 Bxc4 15.
cxb6 Nxb6 16. Rfd1 Nc6 17. Bc5 Re8 18. Nb4 Nd4 19. Bxb6 Qxb6 20. Rab1 Rac8 21.
Bxc4 Rxc4 22. Ncd5 Qa5 23. Ne3 Rc5 24. Nd3 Rb5 25. Qxa5 Rxa5 26. Rd2 Rc8 27. h3
f5 28. Rb7 Kh8 29. f3 Ra3 30. Nd5 Rc6 31. Re7 Re6 32. Rc7 Rea6 33. N3b4 R6a4
34. Rb2 a5 35. Nc2 Nxc2 36. Rcxc2 Kh7 37. Rb7 Rxa2 38. Rxg7+ Kh8 39. Re7 Ra1+
40. Kh2 1-0

[Event "1 division 2002/03"]
[Site "Denmark"]
[Date "2002.11.16"]
[Round "3.6"]
[White "Boe, Mads"]
[Black "Palm, Nikolaj"]
[Result "1/2-1/2"]
[WhiteElo "2372"]
[BlackElo "2252"]
[PlyCount "109"]
[EventDate "2002.11.03"]
[EventType "team-tourn"]
[EventRounds "7"]
[EventCountry "DEN"]
[WhiteTeam "Skolerne"]
[BlackTeam "Bronshoj"]
[WhiteTeamCountry "DEN"]
[BlackTeamCountry "DEN"]

1. d4 d5 2. c4 e6 3. Nc3 c6 4. Nf3 f5 5. g3 Nf6 6. Bg2 Be7 7. O-O O-O 8. Bf4 b6
9. Qc2 Bb7 10. cxd5 Nxd5 11. Ne5 Bd6 12. Nxd5 exd5 13. h4 Qe7 14. Nd3 Bxf4 15.
Nxf4 Nd7 16. Rac1 Rac8 17. Rfd1 g6 18. Rd3 Rfe8 19. a3 Qd6 20. Qa4 a5 21. Rdc3
Kg7 22. e3 h6 23. Qc2 h5 24. Bh3 Nf6 25. Qd1 Rc7 26. Bg2 Kh6 27. Nd3 Ng4 28.
Qf3 Re4 29. Nf4 Rf7 30. Nh3 Kg7 31. Ng5 Rf6 32. Bf1 Qe7 33. R1c2 Nh6 34. Qd1
Nf7 35. Nh3 Ree6 36. Bg2 Rd6 37. Nf4 Rd7 38. Nd3 Rfd6 39. b4 axb4 40. axb4 Qf6
41. b5 cxb5 42. Qb1 b4 43. Qxb4 Ba6 44. Nf4 Bc4 45. Ra3 Kh6 46. Ra8 g5 47.
hxg5+ Nxg5 48. Rc1 Ne6 49. Nxe6 Rxe6 50. Rca1 h4 51. gxh4 Rh7 52. Rg8 Ree7 53.
Rg3 Rhg7 54. Qd2 Qxh4 55. Ra8 1/2-1/2

[Event "1 division 2002/03"]
[Site "Denmark"]
[Date "2002.11.16"]
[Round "3.7"]
[White "Varberg, Kenneth"]
[Black "Vinter Schou, Uffe"]
[Result "0-1"]
[WhiteElo "2265"]
[BlackElo "2351"]
[PlyCount "78"]
[EventDate "2002.11.03"]
[EventType "team-tourn"]
[EventRounds "7"]
[EventCountry "DEN"]
[WhiteTeam "Bronshoj"]
[BlackTeam "Skolerne"]
[WhiteTeamCountry "DEN"]
[BlackTeamCountry "DEN"]

1. Nf3 c5 2. c4 Nc6 3. Nc3 e5 4. d3 g6 5. g3 Bg7 6. Bg2 Nge7 7. O-O O-O 8. Rb1
d6 9. a3 a5 10. Bd2 Be6 11. Ng5 Bd7 12. Nge4 Be6 13. Ng5 Bc8 14. Nd5 a4 15. Ne4
Nxd5 16. cxd5 Nd4 17. b4 b6 18. e3 Nb3 19. Bc3 Ba6 20. bxc5 bxc5 21. Qc2 Rc8
22. Nd2 c4 23. dxc4 Bxc4 24. Nxc4 Rxc4 25. Qd3 Qc7 26. Bb4 Rc8 27. f4 f5 28.
fxe5 Bxe5 29. e4 Rd4 30. Qa6 fxe4 31. Qxa4 Nd2 32. Rbc1 Rc4 33. Rxc4 Qxc4 34.
Re1 Nf3+ 35. Bxf3 exf3 36. Qd7 Rf8 37. Qe6+ Kh8 38. Rxe5 f2+ 39. Kg2 f1=Q# 0-1

[Event "1 division 2002/03"]
[Site "Denmark"]
[Date "2002.11.16"]
[Round "3.2"]
[White "Pedersen, Jan"]
[Black "Pedersen, Steffen"]
[Result "1-0"]
[WhiteElo "2407"]
[BlackElo "2443"]
[PlyCount "99"]
[EventDate "2002.11.03"]
[EventType "team-tourn"]
[EventRounds "7"]
[EventCountry "DEN"]
[WhiteTeam "Aarhus"]
[BlackTeam "Helsinge"]
[WhiteTeamCountry "DEN"]
[BlackTeamCountry "DEN"]

1. e4 c5 2. Nf3 d6 3. Bb5+ Bd7 4. Bxd7+ Qxd7 5. O-O Nc6 6. c4 g6 7. d4 cxd4 8.
Nxd4 Bg7 9. Be3 Nf6 10. f3 O-O 11. Nc3 a6 12. Qd2 Rac8 13. b3 Qd8 14. Rac1 Nd7
15. Nxc6 Rxc6 16. Nd5 e6 17. Nb4 Rc8 18. Qxd6 Ne5 19. Qxd8 Rfxd8 20. Rcd1 Bf8
21. Nc2 b5 22. Rxd8 Rxd8 23. cxb5 axb5 24. Nd4 Bc5 25. Nc2 Bf8 26. Nd4 Bc5 27.
Nf5 Ba3 28. Nh6+ Kg7 29. Ng4 Nxg4 30. fxg4 Bb2 31. Kf2 Ra8 32. Re1 Bc3 33. Re2
Kf6 34. Rc2 b4 35. a4 Ke5 36. Kf3 f6 37. Rc1 Kd6 38. Rd1+ Kc6 39. Bf4 g5 40.
Bg3 Kc5 41. Bf2+ Kc6 42. Ke2 f5 43. Bd4 fxe4 44. Rc1 Kd5 45. Bxc3 bxc3 46. Rxc3
Rb8 47. a5 Rb5 48. b4 Rxb4 49. Ra3 Rb2+ 50. Ke3 1-0

[Event "1 division 2002/03"]
[Site "Denmark"]
[Date "2002.11.16"]
[Round "3.3"]
[White "Berg, Klaus"]
[Black "Husted, Peter"]
[Result "1-0"]
[WhiteElo "2427"]
[BlackElo "2191"]
[PlyCount "45"]
[EventDate "2002.11.03"]
[EventType "team-tourn"]
[EventRounds "7"]
[EventCountry "DEN"]
[WhiteTeam "Helsinge"]
[BlackTeam "Aarhus"]
[WhiteTeamCountry "DEN"]
[BlackTeamCountry "DEN"]

1. e4 c5 2. d3 d5 3. Nd2 Nc6 4. g3 Nf6 5. Bg2 e6 6. Ngf3 Be7 7. O-O O-O 8. Re1
Rb8 9. e5 Nd7 10. Nf1 b5 11. h4 Qc7 12. Bf4 a5 13. N1h2 a4 14. Ng4 Kh8 15. Ng5
Bxg5 16. hxg5 Ne7 17. Bf3 Bb7 18. Kg2 Ng6 19. Rh1 Nxf4+ 20. gxf4 f5 21. g6 fxg4
22. Rxh7+ Kg8 23. Rh8+ 1-0

[Event "1 division 2002/03"]
[Site "Denmark"]
[Date "2002.11.16"]
[Round "3.4"]
[White "Jensen, Jacob Bjerre"]
[Black "Hutters, Tomas"]
[Result "0-1"]
[WhiteElo "2169"]
[BlackElo "2392"]
[PlyCount "102"]
[EventDate "2002.11.03"]
[EventType "team-tourn"]
[EventRounds "7"]
[EventCountry "DEN"]
[WhiteTeam "Aarhus"]
[BlackTeam "Helsinge"]
[WhiteTeamCountry "DEN"]
[BlackTeamCountry "DEN"]

1. d4 d5 2. c4 c6 3. Nc3 Nf6 4. e3 e6 5. Nf3 Nbd7 6. Bd3 dxc4 7. Bxc4 b5 8. Bd3
Bb7 9. e4 b4 10. Na4 c5 11. e5 Nd5 12. O-O cxd4 13. Nxd4 Nc7 14. Bf4 Nc5 15.
Be2 Qd7 16. Rc1 N5a6 17. Nb5 Nd5 18. Be3 Be7 19. Nxa7 O-O 20. Bb5 Qd8 21. Nc6
Bxc6 22. Bxc6 Nxe3 23. fxe3 Rb8 24. Qd7 Bg5 25. Qa7 Qc7 26. Qxa6 Bxe3+ 27. Kh1
Bxc1 28. Rxc1 Qxe5 29. Qf1 Rfd8 30. Qf2 Rbc8 31. Rf1 f6 32. Bf3 Qb5 33. b3 Rc2
34. Qe1 e5 35. Rf2 Rxf2 36. Qxf2 e4 37. Be2 Rd2 38. Bxb5 Rxf2 39. Nc5 Rxa2 40.
Kg1 f5 41. Kf1 Kf7 42. Na6 Ra1+ 43. Kf2 Ra2+ 44. Kg3 g5 45. Nxb4 f4+ 46. Kh3
Rb2 47. Bc4+ Kf6 48. Nc6 Rd2 49. g3 f3 50. g4 e3 51. Kg3 e2 0-1

[Event "1 division 2002/03"]
[Site "Denmark"]
[Date "2002.11.16"]
[Round "3.5"]
[White "Fries Nielsen, Niels Jorgen"]
[Black "Pedersen, Jan Rode"]
[Result "1-0"]
[WhiteElo "2379"]
[BlackElo "2160"]
[PlyCount "111"]
[EventDate "2002.11.03"]
[EventType "team-tourn"]
[EventRounds "7"]
[EventCountry "DEN"]
[WhiteTeam "Helsinge"]
[BlackTeam "Aarhus"]
[WhiteTeamCountry "DEN"]
[BlackTeamCountry "DEN"]

1. e4 e5 2. Bc4 Nc6 3. d3 Bc5 4. Nc3 d6 5. Na4 Nf6 6. Nxc5 dxc5 7. Be3 Qd6 8.
h3 Na5 9. f3 Nxc4 10. dxc4 Be6 11. b3 Qe7 12. Qd2 O-O 13. Ne2 Rad8 14. Qc3 Bc8
15. O-O b6 16. Rad1 Rd6 17. Rxd6 Qxd6 18. Qd2 Rd8 19. Qxd6 Rxd6 20. Nc3 c6 21.
f4 Nd7 22. f5 Nf6 23. g4 h6 24. Kg2 Nh7 25. a3 Nf6 26. Kf3 Ba6 27. a4 Nd7 28.
h4 f6 29. g5 hxg5 30. hxg5 fxg5 31. Bxg5 Kf7 32. Rh1 Kg8 33. Ke3 Nf6 34. Kf3
Nd7 35. Be3 Nf6 36. Rh3 Bb7 37. a5 b5 38. Rh2 bxc4 39. Bxc5 Rd7 40. b4 a6 41.
Be3 c5 42. Bxc5 Bc6 43. Bf2 Rf7 44. Bh4 Ne8 45. Ke3 Rb7 46. Bg3 Nf6 47. Kf3
Rxb4 48. Bxe5 Rb7 49. Rd2 Re7 50. Bxf6 gxf6 51. Rd6 Bb7 52. Rxf6 Rh7 53. Kg3
Re7 54. Rg6+ Kf7 55. Kf4 Rd7 56. Rb6 1-0

[Event "1 division 2002/03"]
[Site "Denmark"]
[Date "2002.11.16"]
[Round "3.6"]
[White "Jensen, Vagn"]
[Black "Bekker Jensen, Simon"]
[Result "0-1"]
[WhiteElo "2158"]
[BlackElo "2348"]
[PlyCount "70"]
[EventDate "2002.11.03"]
[EventType "team-tourn"]
[EventRounds "7"]
[EventCountry "DEN"]
[WhiteTeam "Aarhus"]
[BlackTeam "Helsinge"]
[WhiteTeamCountry "DEN"]
[BlackTeamCountry "DEN"]

1. e4 c5 2. Nf3 d6 3. b3 Nc6 4. Bb5 e5 5. O-O g6 6. c3 Bg7 7. d4 exd4 8. Bg5
Nge7 9. cxd4 h6 10. Bxc6+ bxc6 11. Be3 d5 12. Nbd2 Bg4 13. dxc5 Bxf3 14. Qxf3
Bxa1 15. Rxa1 f5 16. exf5 Nxf5 17. g4 Nxe3 18. Re1 Kd7 19. Rxe3 Rf8 20. Qg3 Qf6
21. Nf3 Rae8 22. Ne5+ Kc8 23. Rf3 Qe6 24. Rxf8 Rxf8 25. f4 Kb7 26. b4 Qf6 27.
b5 Qxf4 28. bxc6+ Kc8 29. Qxf4 Rxf4 30. h3 g5 31. Kg2 Kc7 32. Kg3 d4 33. h4 Re4
34. Nf3 d3 35. hxg5 hxg5 0-1

[Event "1 division 2002/03"]
[Site "Denmark"]
[Date "2002.11.16"]
[Round "3.7"]
[White "Bekker Jensen, David"]
[Black "Olsen, Aage Dalstrup"]
[Result "1-0"]
[WhiteElo "2338"]
[BlackElo "2102"]
[PlyCount "37"]
[EventDate "2002.11.03"]
[EventType "team-tourn"]
[EventRounds "7"]
[EventCountry "DEN"]
[WhiteTeam "Helsinge"]
[BlackTeam "Aarhus"]
[WhiteTeamCountry "DEN"]
[BlackTeamCountry "DEN"]

1. d4 Nf6 2. c4 e6 3. Nc3 d5 4. cxd5 exd5 5. Bg5 Nbd7 6. e3 c6 7. Bd3 Bd6 8.
Qc2 h6 9. Bh4 Qe7 10. Nf3 b6 11. O-O Bb7 12. e4 dxe4 13. Nxe4 O-O-O 14. Rfe1
Qf8 15. Nxd6+ Qxd6 16. Bg3 Qf8 17. Rac1 Nh5 18. Qxc6+ Bxc6 19. Ba6# 1-0

[Event "1 division 2002/03"]
[Site "Denmark"]
[Date "2002.11.16"]
[Round "3.2"]
[White "Nielsen, Poul Erik"]
[Black "Larsen, Steen Skovlund"]
[Result "1/2-1/2"]
[WhiteElo "2219"]
[BlackElo "2318"]
[PlyCount "26"]
[EventDate "2002.11.03"]
[EventType "team-tourn"]
[EventRounds "7"]
[EventCountry "DEN"]
[WhiteTeam "Nordre"]
[BlackTeam "Sydkysten"]
[WhiteTeamCountry "DEN"]
[BlackTeamCountry "DEN"]

1. b3 e5 2. Bb2 Nc6 3. e3 Nf6 4. Nf3 Bd6 5. d4 exd4 6. Nxd4 Nxd4 7. Qxd4 O-O 8.
c4 Re8 9. Nc3 Be5 10. Qd2 d5 11. O-O-O c6 12. cxd5 cxd5 13. Kb1 Bf5+ 1/2-1/2

[Event "1 division 2002/03"]
[Site "Denmark"]
[Date "2002.11.16"]
[Round "3.5"]
[White "Strange, Mikkel"]
[Black "Petersen, Tom Petri"]
[Result "1-0"]
[WhiteElo "2252"]
[BlackElo "2146"]
[PlyCount "91"]
[EventDate "2002.11.03"]
[EventType "team-tourn"]
[EventRounds "7"]
[EventCountry "DEN"]
[WhiteTeam "Sydkysten"]
[BlackTeam "Nordre"]
[WhiteTeamCountry "DEN"]
[BlackTeamCountry "DEN"]

1. e4 g6 2. d4 Bg7 3. Nf3 d6 4. Nc3 Nd7 5. Bc4 e6 6. O-O a6 7. a4 b6 8. Re1 Ne7
9. Bg5 O-O 10. Qd2 Bb7 11. Rad1 Kh8 12. h3 Qe8 13. Bh6 Ng8 14. Bxg7+ Kxg7 15.
Re3 Qe7 16. Nh2 e5 17. Bd5 c6 18. Bb3 Ngf6 19. dxe5 dxe5 20. Qd6 Qxd6 21. Rxd6
a5 22. Rf3 Rad8 23. Ng4 Ne8 24. Rd1 h5 25. Nxe5 Nxe5 26. Rxd8 Nxf3+ 27. gxf3
Nf6 28. Rd6 Re8 29. Nd1 Re7 30. Ne3 b5 31. axb5 cxb5 32. Rb6 a4 33. Bd5 Bxd5
34. exd5 Ra7 35. Rxb5 h4 36. c4 a3 37. bxa3 Rxa3 38. c5 Ra1+ 39. Kg2 Nh5 40.
Rb4 g5 41. c6 Rc1 42. d6 Nf4+ 43. Rxf4 gxf4 44. Nf5+ Kf8 45. d7 Rxc6 46. d8=Q#
1-0